| 000 | 00000nam 2200000zi 4500 |
| 001 | 9.931145 |
| 003 | CaOODSP |
| 005 | 20240131133750 |
| 006 | m o d f |
| 007 | cr cn||||||||| |
| 008 | 231205t20232023qucab ob f000 0 fre d |
| 020 | |a9780660691855 |
| 040 | |aCaOODSP|bfre|erda|cCaOODSP |
| 043 | |an-cn-on |
| 086 | 1 |aTU3-10/22-0146F-PDF |
| 110 | 2 |aBureau de la sécurité des transports du Canada.|eauteur, |eorganisme de publication. |
| 245 | 10|aIncursion sur piste, Autorité aéroportuaire du Grand Toronto, véhicule d'entretien 31, Aéroport international Lester B. Pearson de Toronto (Ontario), 15 octobre 2022. |
| 264 | 1|aGatineau QC : |bBureau de la sécurité des transports du Canada = Transportation Safety Board of Canada, |c2023. |
| 264 | 4|c©2023 |
| 300 | |a1 ressource en ligne (25 pages) : |bcartes, illustrations. |
| 336 | |atexte|btxt|2rdacontent/fre |
| 337 | |ainformatique|bc|2rdamedia/fre |
| 338 | |aressource en ligne|bcr|2rdacarrier/fre |
| 490 | 1 |aRapport d'enquête sur la sécurité du transport aérien ; |vA22O0146 |
| 500 | |aPublié aussi en anglais sous le titre : Runway incursion, Greater Toronto Airports Authority, maintenance vehicle 31, Toronto/Lester B. Pearson International Airport (Ontario), 15 October 2022. |
| 500 | |a« Publié le 20 décembre 2023. » |
| 504 | |aComprend des références bibliographiques. |
| 650 | 6|aAéronautique|xAccidents|xEnquêtes|zOntario. |
| 775 | 08|tRunway incursion, Greater Toronto Airports Authority, maintenance vehicle 31, Toronto/Lester B. Pearson International Airport (Ontario), 15 October 2022.|w(CaOODSP)9.931143 |
| 830 | #0|aBilan d'enquête de sécurité du transport aérien ;|vA22O0146.|w(CaOODSP)9.845276 |
| 856 | 40|qPDF|s1.00 Mo|uhttps://publications.gc.ca/collections/collection_2024/bst-tsb/TU3-10-22-0146-fra.pdf |
| 856 | 4 |qHTML|sS.O.|uhttps://www.bst-tsb.gc.ca/fra/rapports-reports/aviation/2022/a22o0146/a22o0146.html |